Fr. Conceicao Rodrigues College of Engineering

Information security:Principles and practice (Record no. 29840)

MARC details
000 -LEADER
fixed length control field 00379nam a2200169Ia 4500
082 ## - DEWEY DECIMAL CLASSIFICATION NUMBER
Classification number 5.8
Item number SHA
100 ## - MAIN ENTRY--PERSONAL NAME
Personal name Shah/Deven N
245 ## - TITLE STATEMENT
Title Information security:Principles and practice
260 ## - PUBLICATION, DISTRIBUTION, ETC.
Name of publisher, distributor, etc. Wiley India
Date of publication, distribution, etc. 2009
366 ## - TRADE AVAILABILITY INFORMATION
Publishers's discount category 25
300 ## - PHYSICAL DESCRIPTION
Extent 445
546 ## - LANGUAGE NOTE
Language note ENGLISH
650 ## - SUBJECT ADDED ENTRY--TOPICAL TERM
Topical term or geographic name entry element Information security
654 ## - SUBJECT ADDED ENTRY--FACETED TOPICAL TERMS
Focus term information security
942 ## - ADDED ENTRY ELEMENTS (KOHA)
Koha item type BOOK
Holdings
Withdrawn status Lost status Damaged status Not for loan Collection Home library Current library Date acquired Source of acquisition Cost, normal purchase price Inventory number Total Checkouts Full call number Barcode Date last seen Cost, replacement price Price effective from Koha item type
        CRC Fr. Agnel's C.Rodrigues College of Engineering Fr. Agnel's C.Rodrigues College of Engineering 17/03/2023 Milan Book Supplier 261.75 1932 dt 28/10/2009   5.8 SHA 20131 17/03/2023 349.00   BOOK
        CRC Fr. Agnel's C.Rodrigues College of Engineering Fr. Agnel's C.Rodrigues College of Engineering 17/03/2023 Milan Book Supplier 261.75 1932 dt 28/10/2009   5.8 SHA 20132 17/03/2023 349.00   BOOK
        CRC Fr. Agnel's C.Rodrigues College of Engineering Fr. Agnel's C.Rodrigues College of Engineering 17/03/2023 Milan Book Supplier 261.75 1932 dt 28/10/2009   5.8 SHA 20133 17/03/2023 349.00   BOOK
        CRC Fr. Agnel's C.Rodrigues College of Engineering Fr. Agnel's C.Rodrigues College of Engineering 17/03/2023 Milan Book Supplier 261.75 1932 dt 28/10/2009   5.8 SHA 20134 17/03/2023 349.00   BOOK
        CRC Fr. Agnel's C.Rodrigues College of Engineering Fr. Agnel's C.Rodrigues College of Engineering 17/03/2023 Milan Book Supplier 261.75 1932 dt 28/10/2009   5.8 SHA 20135 17/03/2023 349.00   BOOK